[Event "European Youth Chess Championship B14"]
[Site "Prague, Top Hotel Prague"]
[Date "2016.08.20"]
[Round "3.40"]
[White "Vuckovic, Marko"]
[Black "Pavlov, Danila"]
[Result "0-1"]
[WhiteElo "1834"]
[BlackElo "2077"]
[PlyCount "82"]
[EventDate "2016.08.18"]

1. e4 e6 2. c4 d5 3. cxd5 exd5 4. exd5 Nf6 5. Bb5+ Nbd7 6. Nc3 a6 7. Be2 Bd6 8.
Nf3 O-O 9. O-O b5 10. a3 Bb7 11. d4 Nxd5 12. Nxd5 Bxd5 13. Bg5 f6 14. Be3 Nb6
15. Nd2 Qe7 16. Bd3 Qf7 17. Ne4 f5 18. Nxd6 cxd6 19. f3 Bc4 20. Re1 Bxd3 21.
Qxd3 Qd5 22. Bf4 Rfe8 23. b3 Kf7 24. Rxe8 Rxe8 25. Rc1 Rc8 26. Re1 Re8 27. Rc1
h6 28. Kf2 Re7 29. g3 Nd7 30. Rd1 Nf6 31. Bc1 g5 32. Bd2 g4 33. fxg4 Nxg4+ 34.
Kg1 Re4 35. Bf4 Kg6 36. h3 Nf6 37. Qd2 Qxb3 38. Kh2 Qe6 39. Kg1 Re2 40. Qd3 Nd5
41. Bxd6 Re3 0-1

[Event "European Youth Chess Championship B14"]
[Site "Prague, Top Hotel Prague"]
[Date "2016.08.20"]
[Round "3.41"]
[White "Kuznecovs, Nikita"]
[Black "Oboladze, Luka"]
[Result "0-1"]
[WhiteElo "1809"]
[BlackElo "2076"]
[PlyCount "54"]
[EventDate "2016.08.18"]

1. f4 Nf6 2. Nf3 d5 3. g3 g6 4. Bg2 Bg7 5. O-O O-O 6. e3 c5 7. d3 Nc6 8. Nbd2
Ng4 9. Nb3 c4 10. dxc4 dxc4 11. Nbd4 Nxd4 12. exd4 Be6 13. c3 Bd5 14. Qe2 Nf6
15. Re1 e6 16. b3 cxb3 17. axb3 Bxb3 18. Ba3 Re8 19. Reb1 Bd5 20. Ne5 b6 21.
Bc1 Bxg2 22. Qxg2 Qd5 23. Nc6 Ne4 24. Nb4 Bxd4+ 25. cxd4 Qxd4+ 26. Kh1 Nf2+ 27.
Kg1 Nh3+ 0-1

[Event "European Youth Chess Championship B14"]
[Site "Prague, Top Hotel Prague"]
[Date "2016.08.20"]
[Round "3.42"]
[White "Polansky, Adam Lubos"]
[Black "Lisnyak, Vladislav"]
[Result "1/2-1/2"]
[WhiteElo "1773"]
[BlackElo "2075"]
[PlyCount "62"]
[EventDate "2016.08.18"]

1. d4 Nf6 2. c4 e6 3. g3 d5 4. Nc3 Bb4 5. Bg2 O-O 6. cxd5 exd5 7. Bg5 c6 8. Nf3
h6 9. Bxf6 Qxf6 10. O-O Bf5 11. Qb3 Qe7 12. a3 Bd6 13. Rfe1 Be6 14. e3 Qc7 15.
Rac1 Nd7 16. Nd2 Nb6 17. Nb5 Qb8 18. Nxd6 Qxd6 19. Qc2 f5 20. Qc5 Qxc5 21. Rxc5
Rac8 22. Rcc1 g6 23. Bf1 Kf7 24. Nb3 Nd7 25. Na5 Rc7 26. b4 Rfc8 27. Nb3 Ke7
28. Rc3 Kd6 29. Rec1 Nf6 30. Nc5 Ne4 31. R3c2 g5 1/2-1/2

[Event "European Youth Chess Championship B14"]
[Site "Prague, Top Hotel Prague"]
[Date "2016.08.20"]
[Round "3.43"]
[White "Pravda, Krystof"]
[Black "Petkov, Matey"]
[Result "1/2-1/2"]
[WhiteElo "1682"]
[BlackElo "2072"]
[PlyCount "90"]
[EventDate "2016.08.18"]

1. e4 d6 2. d4 Nf6 3. Bd3 e5 4. d5 Nbd7 5. Ne2 Be7 6. O-O O-O 7. b4 a5 8. c3 c6
9. bxa5 cxd5 10. exd5 Nxd5 11. Bxh7+ Kxh7 12. Qxd5 Rxa5 13. Qd3+ f5 14. c4 Nc5
15. Qh3+ Kg6 16. Bd2 Ra4 17. Qg3+ Kf7 18. f4 Rxc4 19. fxe5 dxe5 20. Rd1 Ne4 21.
Qb3 Be6 22. Qxb7 Qd3 23. Qxe7+ Kxe7 24. Bg5+ Nxg5 25. Rxd3 e4 26. Rg3 Kf6 27.
Na3 Ra4 28. Nf4 Rfa8 29. Nb5 Rxa2 30. Rxa2 Bxa2 31. h4 Ne6 32. Rg6+ Ke5 33.
Nxe6 Bxe6 34. Rxe6+ Kxe6 35. Nc7+ Kd6 36. Nxa8 Kc6 37. Kf2 Kb7 38. Ke3 Kxa8 39.
g4 fxg4 40. Kxe4 Kb7 41. Kf4 Kc6 42. Kxg4 Kd5 43. Kg5 Ke4 44. Kg4 Ke3 45. h5
Kf2 1/2-1/2

[Event "European Youth Chess Championship B14"]
[Site "Prague, Top Hotel Prague"]
[Date "2016.08.20"]
[Round "3.44"]
[White "Dolansky, Lukas"]
[Black "Mavrev, David"]
[Result "1-0"]
[WhiteElo "2067"]
[BlackElo "1854"]
[PlyCount "73"]
[EventDate "2016.08.18"]

1. e4 e6 2. d3 d5 3. Nd2 c5 4. Ngf3 Nf6 5. g3 Nc6 6. Bg2 Be7 7. O-O O-O 8. e5
Nd7 9. Re1 Qc7 10. Qe2 b6 11. h4 a5 12. Nf1 Ba6 13. c3 Rae8 14. Bf4 b5 15. N1h2
Qd8 16. Ng5 Bxg5 17. hxg5 b4 18. Rad1 Qe7 19. Qh5 f6 20. exf6 gxf6 21. Bxd5 Nd8
22. Ng4 Qg7 23. Be4 Kh8 24. gxf6 Qf7 25. Qh4 e5 26. Bh6 Rg8 27. Bg7+ Rxg7 28.
fxg7+ Qxg7 29. Bf5 Bb5 30. Bxd7 Bxd7 31. Nxe5 Nc6 32. Nxd7 Qxd7 33. Qf6+ Kg8
34. Rxe8+ Qxe8 35. Kf1 Qg6 36. Qf3 Ne5 37. Qd5+ 1-0

[Event "European Youth Chess Championship B14"]
[Site "Prague, Top Hotel Prague"]
[Date "2016.08.20"]
[Round "3.45"]
[White "Georgakopoulos, Nikolaos K"]
[Black "Martirosyan, Ara"]
[Result "1/2-1/2"]
[WhiteElo "2059"]
[BlackElo "1839"]
[PlyCount "147"]
[EventDate "2016.08.18"]

1. e4 e6 2. d4 d5 3. Nd2 dxe4 4. Nxe4 Nd7 5. c4 Ngf6 6. Nc3 Bb4 7. g3 O-O 8.
Bg2 Nb6 9. Qb3 Ba5 10. Nge2 Bd7 11. O-O Bxc3 12. Qxc3 Rb8 13. b3 Bc6 14. f3
Nbd7 15. a4 a6 16. Ba3 Re8 17. Rad1 b5 18. d5 b4 19. Bxb4 exd5 20. Nd4 Ba8 21.
c5 Ne5 22. Ba3 Nc6 23. b4 Nxd4 24. Rxd4 Bc6 25. Qb3 Qd7 26. Bb2 Bxa4 27. Qc3
Re5 28. Rf4 Rbe8 29. Qc1 Rf5 30. Bh3 Rxf4 31. Bxd7 Rc4 32. Qg5 h6 33. Qd2 Bxd7
34. Bxf6 gxf6 35. Qxd5 Bb5 36. Qd2 Kg7 37. Rd1 Re6 38. Kf2 Re8 39. g4 Re6 40.
Kg3 Re8 41. h4 Re5 42. Rc1 Rxc1 43. Qxc1 c6 44. Qb2 Rd5 45. Qa1 Kg6 46. f4 Rd3+
47. Kf2 Rd5 48. Ke3 Bc4 49. f5+ Kg7 50. Ke4 Bd3+ 51. Kf4 Re5 52. Qa3 Rd5 53.
Qa1 Re5 54. Qc3 Rd5 55. Qa3 Bb5 56. Qb2 Bd3 57. Ke3 Bb5 58. Ke4 Bd3+ 59. Kf4
Re5 60. Qc3 Rd5 61. Qa1 Re5 62. Qb2 Rd5 63. Qc3 Bb1 64. Qc4 Bd3 65. Qb3 Bb5 66.
Qb2 Bd3 67. Qa1 Re5 68. Qb2 Rd5 69. Qc3 Bb1 70. Qa1 Bd3 71. Qg1 Re5 72. Qd4 Rd5
73. Qe3 Bb1 74. Qc3 1/2-1/2

[Event "European Youth Chess Championship B14"]
[Site "Prague, Top Hotel Prague"]
[Date "2016.08.20"]
[Round "3.46"]
[White "Bango, Lukas"]
[Black "Kramich, Aliaksei"]
[Result "0-1"]
[WhiteElo "2058"]
[BlackElo "1629"]
[PlyCount "72"]
[EventDate "2016.08.18"]

1. d4 f5 2. c4 Nf6 3. Nc3 g6 4. h4 d6 5. Bg5 Bg7 6. Nh3 c6 7. Qd2 e5 8. O-O-O
Qc7 9. dxe5 dxe5 10. h5 Nxh5 11. Bd8 Qd7 12. Qe3 Qe6 13. Ng5 Qxc4 14. Qd2 h6
15. e3 Qc5 16. Nf3 e4 17. Nh4 Kf7 18. g4 fxg4 19. Qc2 Bxc3 20. bxc3 Be6 21. Bg2
Qa3+ 22. Kb1 Re8 23. Nxg6 Nd7 24. Rxh5 Kxg6 25. Bxe4+ Kg7 26. Bc7 Nf6 27. Be5
Rh8 28. Rd6 Rae8 29. f4 Rhf8 30. Bf5 Bxa2+ 31. Qxa2 Qxa2+ 32. Kxa2 Rxe5 33.
Rxf6 Ra5+ 34. Kb3 Rxf6 35. Bxg4 Rxh5 36. Bxh5 Re6 0-1

[Event "European Youth Chess Championship B14"]
[Site "Prague, Top Hotel Prague"]
[Date "2016.08.20"]
[Round "3.47"]
[White "Berera, Siddharth"]
[Black "Vodila, Martin Botond"]
[Result "0-1"]
[WhiteElo "1676"]
[BlackElo "2047"]
[PlyCount "62"]
[EventDate "2016.08.18"]

1. e4 d5 2. exd5 Qxd5 3. Nc3 Qa5 4. d4 Nf6 5. Nf3 c6 6. Bc4 Bf5 7. Ne5 e6 8. g4
Be4 9. O-O Bd5 10. Nxd5 cxd5 11. Bd3 Nc6 12. Nxc6 bxc6 13. c3 Bd6 14. b4 Qc7
15. f4 a5 16. b5 O-O 17. g5 Ne4 18. c4 cxb5 19. c5 Be7 20. Bxe4 dxe4 21. f5
Rfd8 22. Bf4 Qc6 23. fxe6 Qxe6 24. Rc1 Rac8 25. c6 Rxc6 26. Rxc6 Qxc6 27. Be5
Bxg5 28. Qe1 f6 29. Qf2 e3 30. Qf5 e2 31. Re1 Be3+ 0-1

[Event "European Youth Chess Championship B14"]
[Site "Prague, Top Hotel Prague"]
[Date "2016.08.20"]
[Round "3.48"]
[White "Loukopoulos, Panagiotis-Athana"]
[Black "Stinka, Jakub"]
[Result "1-0"]
[WhiteElo "1663"]
[BlackElo "2034"]
[PlyCount "79"]
[EventDate "2016.08.18"]

1. e4 c5 2. Nc3 Nc6 3. Bb5 Nd4 4. Bc4 g6 5. Nf3 Bg7 6. Nxd4 cxd4 7. Qf3 e6 8.
Nb5 d6 9. Qa3 Bf8 10. Nxd4 Nf6 11. Bb5+ Bd7 12. Bxd7+ Qxd7 13. Qf3 Bg7 14. d3
O-O 15. O-O Rac8 16. c3 h5 17. Qg3 b5 18. f4 e5 19. Nf3 exf4 20. Bxf4 d5 21. e5
Ne8 22. Rae1 Nc7 23. Bg5 Ne6 24. Bf6 d4 25. Nh4 dxc3 26. Nf5 gxf5 27. Rxf5 Qd4+
28. Kf1 Qg4 29. Qxg4 hxg4 30. bxc3 Rxc3 31. Re4 Bxf6 32. exf6 Rd8 33. Rxg4+ Kf8
34. Rh5 Ke8 35. Rh7 Rcc8 36. Rg8+ Nf8 37. g4 b4 38. g5 a5 39. g6 fxg6 40. Re7#
1-0

[Event "European Youth Chess Championship B14"]
[Site "Prague, Top Hotel Prague"]
[Date "2016.08.20"]
[Round "3.51"]
[White "Bulockin, Martin"]
[Black "Balin, Daniel"]
[Result "1-0"]
[WhiteElo "2010"]
[BlackElo "1567"]
[PlyCount "91"]
[EventDate "2016.08.18"]

1. e4 c5 2. Nf3 d6 3. d4 cxd4 4. Nxd4 Nf6 5. Nc3 a6 6. Bg5 Nbd7 7. f4 Qc7 8.
Qf3 h6 9. Bh4 g5 10. fxg5 hxg5 11. Bxg5 Qc5 12. Be3 Ne5 13. Qe2 Neg4 14. Bg1
Bh6 15. g3 Qa5 16. Nb3 Qg5 17. Bg2 Ne5 18. Bd4 Bg4 19. Qf1 Rc8 20. Qf2 Nc4 21.
Nd5 Nxd5 22. exd5 Ne3 23. Qxe3 Qxe3+ 24. Bxe3 Bxe3 25. c3 Kd7 26. h3 Bh5 27. g4
Rcg8 28. Ke2 Ba7 29. Bf3 Bg6 30. Raf1 Rh4 31. Nd2 Rgh8 32. Bg2 f6 33. Rf4 Bf7
34. c4 Bg6 35. Nf3 R4h7 36. h4 Rc8 37. Bh3 b5 38. g5+ f5 39. Rxf5 Rxc4 40. Rf6+
Kc7 41. Rxg6 Rc2+ 42. Kd3 Rxb2 43. Rg8 Rxa2 44. Rc1+ Bc5 45. g6 Ra3+ 46. Rc3
1-0

[Event "European Youth Chess Championship B14"]
[Site "Prague, Top Hotel Prague"]
[Date "2016.08.20"]
[Round "3.52"]
[White "Van, Malder Dries"]
[Black "Maache, Jawad"]
[Result "0-1"]
[WhiteElo "1883"]
[BlackElo "2090"]
[PlyCount "82"]
[EventDate "2016.08.18"]

1. d4 Nf6 2. c4 c5 3. d5 b5 4. cxb5 a6 5. bxa6 g6 6. Nc3 Bxa6 7. e4 Bxf1 8.
Kxf1 d6 9. Nf3 Bg7 10. g3 O-O 11. Kg2 Nbd7 12. h3 Qb6 13. Qc2 Rfb8 14. Re1 Qb7
15. Re2 Ra6 16. Nd2 e6 17. dxe6 fxe6 18. Kg1 Ne5 19. Re1 Qa7 20. b3 Bh6 21. Kg2
Nc6 22. Nf3 Bg7 23. Bb2 Nd7 24. Red1 Nb4 25. Qd2 Qb7 26. Qe2 Rf8 27. Na4 Bxb2
28. Nxb2 Nxa2 29. Qc4 d5 30. exd5 Rxf3 31. Kg1 Rc3 32. Qe2 e5 33. Nd3 Nb4 34.
Rxa6 Qxa6 35. Qg4 Rxd3 36. Rxd3 Nf6 37. Qh4 Nxd3 38. g4 Nf4 39. g5 N6xd5 40.
Qg4 Qc6 41. Qf3 Qe6 0-1

[Event "European Youth Chess Championship B14"]
[Site "Prague, Top Hotel Prague"]
[Date "2016.08.20"]
[Round "3.53"]
[White "Orfini, Nicolo`"]
[Black "Martins, Bruno Andre Leite"]
[Result "1-0"]
[WhiteElo "1996"]
[BlackElo "1878"]
[PlyCount "86"]
[EventDate "2016.08.18"]

1. e4 e6 2. d3 d5 3. Nd2 c5 4. Ngf3 Nc6 5. g3 Bd6 6. Bg2 Nge7 7. O-O O-O 8. Re1
f6 9. exd5 exd5 10. c4 d4 11. Ne4 Bg4 12. h3 Bh5 13. Nxd6 Qxd6 14. Bf4 Qd7 15.
g4 Bg6 16. a3 Rae8 17. Qd2 a5 18. Qc2 h5 19. Nh2 Bf7 20. Bg3 hxg4 21. hxg4 Ng6
22. Be4 Nge5 23. Bf5 Be6 24. Bxe6+ Rxe6 25. Re4 Rfe8 26. Rc1 Nf7 27. Rxe6 Rxe6
28. Kf1 Nce5 29. Re1 Qc6 30. f3 Ng5 31. Qd1 Kf7 32. Kg2 b5 33. Bxe5 fxe5 34.
cxb5 Qxb5 35. Qd2 Rg6 36. Qe2 Qc6 37. Kg3 Qf6 38. Rf1 Qf4+ 39. Kg2 Rh6 40. Kg1
Rxh2 41. Qxh2 Nxf3+ 42. Rxf3 Qxf3 43. Qh5+ Kf6 1-0

[Event "European Youth Chess Championship B14"]
[Site "Prague, Top Hotel Prague"]
[Date "2016.08.20"]
[Round "3.54"]
[White "Nehyba, Martin"]
[Black "Mahmutbegovic, Muharem"]
[Result "0-1"]
[WhiteElo "1824"]
[BlackElo "1966"]
[PlyCount "92"]
[EventDate "2016.08.18"]

1. e4 c5 2. Nf3 d6 3. d4 cxd4 4. Nxd4 Nf6 5. Nc3 a6 6. f3 e6 7. Be3 b5 8. Qd2
Bb7 9. g4 h6 10. h4 Nbd7 11. O-O-O b4 12. Nce2 d5 13. exd5 Bxd5 14. Kb1 Ne5 15.
Rh3 Nc4 16. Qc1 e5 17. Nb3 a5 18. Ng1 a4 19. Bxc4 axb3 20. Bb5+ Ke7 21. cxb3
Qa5 22. Ba4 Ke6 23. Qc2 Bd6 24. Qf5+ Ke7 25. g5 Ne8 26. Rg3 Be6 27. Qd3 e4 28.
Qd4 Bxg3 29. f4 Rd8 30. Qc5+ Qxc5 31. Bxc5+ Nd6 32. Ne2 Bxh4 33. Nd4 Bd7 34.
Bxd7 Kxd7 35. Nf5 Kc6 36. Bxd6 hxg5 37. Ne7+ Kb7 38. Rd5 gxf4 39. Rb5+ Ka6 40.
Rxb4 Rxd6 41. Nf5 Rb6 42. Rxe4 f3 43. Rf4 Bg5 44. Rxf3 Rf6 45. a4 g6 46. Rg3
Rxf5 0-1

[Event "European Youth Chess Championship B14"]
[Site "Prague, Top Hotel Prague"]
[Date "2016.08.20"]
[Round "3.55"]
[White "Huynh, Laurent"]
[Black "Nemec, David"]
[Result "1-0"]
[WhiteElo "1934"]
[BlackElo "1721"]
[PlyCount "89"]
[EventDate "2016.08.18"]

1. e4 d6 2. d4 Nf6 3. Nc3 Nbd7 4. Nf3 e5 5. Bc4 Be7 6. O-O O-O 7. a4 a5 8. h3
c6 9. Qe2 Qc7 10. Rd1 h6 11. Ba2 Re8 12. Qc4 Rf8 13. Qe2 Re8 14. Be3 Bf8 15.
dxe5 Nxe5 16. Nd4 Ned7 17. f3 Ne5 18. Qf2 Ra6 19. Rd2 Be6 20. Nxe6 fxe6 21. f4
Nf7 22. Rf1 Kh8 23. g4 Qe7 24. Qf3 e5 25. Bxf7 Qxf7 26. fxe5 Rxe5 27. Bxh6 Qg6
28. Bf4 Re6 29. Re1 Ra8 30. Rde2 Rae8 31. e5 dxe5 32. Bxe5 Nd7 33. Bd4 Kh7 34.
Rxe6 Rxe6 35. Rxe6 Qxe6 36. Qe4+ Qxe4 37. Nxe4 Kg6 38. Kf2 Be7 39. Kg3 Bf6 40.
Bxf6 gxf6 41. h4 Ne5 42. Kf4 Nc4 43. b3 Na3 44. h5+ Kf7 45. Nd6+ 1-0

[Event "European Youth Chess Championship B14"]
[Site "Prague, Top Hotel Prague"]
[Date "2016.08.20"]
[Round "3.56"]
[White "Lomandong, Marc-Antoine"]
[Black "Kopec, Ladislav"]
[Result "1/2-1/2"]
[WhiteElo "1918"]
[BlackElo "1697"]
[PlyCount "82"]
[EventDate "2016.08.18"]

1. d4 d5 2. c4 e6 3. Nc3 Be7 4. Nf3 Nf6 5. Bg5 h6 6. Bf4 c6 7. e3 O-O 8. Qc2
Nbd7 9. cxd5 Nxd5 10. Nxd5 cxd5 11. Bc7 Bb4+ 12. Nd2 Bxd2+ 13. Kxd2 Qe7 14. Bd3
Nf6 15. Rac1 Re8 16. h3 Bd7 17. Be5 Rac8 18. Qb3 Bc6 19. Rhg1 Nd7 20. Bh2 b5
21. a3 Nb6 22. Qb4 Qf6 23. Bg3 Nc4+ 24. Bxc4 dxc4 25. Qd6 Qf5 26. Rc3 Red8 27.
Qe5 Qg6 28. f3 Kh8 29. Bf2 f6 30. Qg3 Qf7 31. Rd1 a5 32. Ke1 b4 33. axb4 axb4
34. Rcc1 Ra8 35. e4 Ra2 36. d5 Bb5 37. Bd4 Qe7 38. Ra1 Rxa1 39. Rxa1 Rxd5 40.
Be3 Rd8 41. Ra7 Rd7 1/2-1/2

[Event "European Youth Chess Championship B14"]
[Site "Prague, Top Hotel Prague"]
[Date "2016.08.20"]
[Round "3.57"]
[White "Sjoberg, Isak"]
[Black "Balashov, Egor"]
[Result "0-1"]
[WhiteElo "1893"]
[BlackElo "1624"]
[PlyCount "54"]
[EventDate "2016.08.18"]

1. e4 e6 2. d4 d5 3. Nd2 c5 4. exd5 exd5 5. Ngf3 Nf6 6. Bb5+ Bd7 7. Bxd7+ Nbxd7
8. O-O Be7 9. Re1 O-O 10. Nf1 Re8 11. Ng3 g6 12. Bg5 cxd4 13. Nxd4 Nc5 14. Re3
Nce4 15. Nxe4 Nxe4 16. Bxe7 Rxe7 17. Qe2 Qb6 18. c3 Rae8 19. Re1 Kf8 20. Qg4
Qxb2 21. Qh4 Re5 22. g4 Qb6 23. f3 Nxc3 24. Qh6+ Kg8 25. Rxe5 Qxd4+ 26. R5e3
Nd1 27. Rxd1 Qxd1+ 0-1

[Event "European Youth Chess Championship B14"]
[Site "Prague, Top Hotel Prague"]
[Date "2016.08.20"]
[Round "3.58"]
[White "Maziukas, Kasparas"]
[Black "Isfan, Ioan-Marius"]
[Result "0-1"]
[WhiteElo "1596"]
[BlackElo "2011"]
[PlyCount "78"]
[EventDate "2016.08.18"]

1. d4 Nf6 2. c4 e6 3. Nf3 Bb4+ 4. Bd2 Qe7 5. a3 Bxd2+ 6. Qxd2 d6 7. Nc3 O-O 8.
e3 Nbd7 9. Bd3 e5 10. Bc2 Re8 11. Ng5 Nf8 12. O-O-O Bd7 13. Qd3 a6 14. dxe5
dxe5 15. Nge4 Nxe4 16. Nd5 Qd8 17. Qxe4 c6 18. Nc3 f5 19. Qf3 Qf6 20. c5 Be6
21. Rd6 Rad8 22. Rhd1 Rxd6 23. Rxd6 e4 24. Qg3 Nd7 25. Na4 Qe5 26. Kd2 Kf8 27.
Nb6 Nxb6 28. cxb6 Qxb2 29. Qf4 Qxa3 30. Qe5 Qb4+ 31. Kd1 Qc4 32. Kc1 Qf1+ 33.
Bd1 Qb5 34. Qd4 Ke7 35. Bc2 Qf1+ 36. Kb2 Qc4 37. Qd2 Qa2+ 38. Kc1 Qa3+ 39. Kb1
Qxd6 0-1

[Event "European Youth Chess Championship B14"]
[Site "Prague, Top Hotel Prague"]
[Date "2016.08.20"]
[Round "3.59"]
[White "Petrovic, Lazar"]
[Black "Buitron, Ramil David"]
[Result "0-1"]
[WhiteElo "1650"]
[BlackElo "1949"]
[PlyCount "46"]
[EventDate "2016.08.18"]

1. d4 g6 2. Nf3 Bg7 3. g3 Nf6 4. Bg2 O-O 5. O-O d6 6. Nbd2 Nbd7 7. b3 c5 8.
dxc5 Nd5 9. Ba3 Bxa1 10. Qxa1 Nxc5 11. Ng5 Nf6 12. Rd1 Qc7 13. Bb2 Ncd7 14. c4
h6 15. Nge4 Nxe4 16. Nxe4 f5 17. Nxd6 exd6 18. Bd5+ Kh7 19. Bg7 Re8 20. Bf7 Re7
21. Bxg6+ Kxg6 22. c5 Rxg7 23. Rxd6+ Kh7 0-1

[Event "European Youth Chess Championship B14"]
[Site "Prague, Top Hotel Prague"]
[Date "2016.08.20"]
[Round "3.60"]
[White "Bystritskiy, Daniil"]
[Black "Stage-Steffensen, Sander"]
[Result "1-0"]
[WhiteElo "1906"]
[BlackElo "1688"]
[PlyCount "63"]
[EventDate "2016.08.18"]

1. d4 d6 2. e4 Nf6 3. Nc3 Nbd7 4. Nf3 e5 5. Bc4 Be7 6. a4 c6 7. O-O Qc7 8. Be3
Ng4 9. Ng5 Bxg5 10. Bxg5 Ngf6 11. Kh1 h6 12. Bh4 g5 13. Bg3 Nf8 14. d5 Ng6 15.
dxc6 bxc6 16. Qd2 Ke7 17. b4 Rb8 18. Rab1 Rd8 19. f3 Nf4 20. Bf2 Bd7 21. Rfd1
Be6 22. Bf1 d5 23. Bc5+ Ke8 24. exd5 N6xd5 25. Ne4 f5 26. Nd6+ Rxd6 27. Bxd6
Qxd6 28. c4 Rd8 29. b5 h5 30. bxc6 Qxc6 31. cxd5 Bxd5 32. Bb5 1-0

[Event "European Youth Chess Championship B14"]
[Site "Prague, Top Hotel Prague"]
[Date "2016.08.20"]
[Round "3.61"]
[White "Alivodic, Dario"]
[Black "Manca, Luigi"]
[Result "1-0"]
[WhiteElo "1834"]
[BlackElo "1608"]
[PlyCount "59"]
[EventDate "2016.08.18"]

1. d4 d5 2. c4 e6 3. Nc3 Nf6 4. Nf3 c6 5. Bg5 dxc4 6. a4 Bb4 7. e4 Qa5 8. Bd2
Qd8 9. Bg5 Qa5 10. Bd2 Qd8 11. e5 Nd5 12. Bxc4 Nxc3 13. bxc3 Ba5 14. O-O Nd7
15. Bd3 b6 16. Qc2 h6 17. Rae1 Bb7 18. d5 cxd5 19. Nd4 Qe7 20. f4 a6 21. f5 Kd8
22. fxe6 fxe6 23. Nxe6+ Qxe6 24. Bf5 Qe7 25. Bxd7 Qxd7 26. e6 Qe7 27. Rf7 Qc5+
28. Kh1 Bc8 29. e7+ Ke8 30. Qg6 1-0

[Event "European Youth Chess Championship B14"]
[Site "Prague, Top Hotel Prague"]
[Date "2016.08.20"]
[Round "3.62"]
[White "Novotny, Martin"]
[Black "Fossan, Aleksander"]
[Result "1-0"]
[WhiteElo "1557"]
[BlackElo "1834"]
[PlyCount "57"]
[EventDate "2016.08.18"]

1. d4 Nf6 2. c4 g6 3. Nc3 d5 4. Nf3 Bg7 5. Qb3 dxc4 6. Qxc4 O-O 7. Bf4 c6 8. e4
Bg4 9. Rd1 Qa5 10. Bd3 Nbd7 11. Qb3 Nb6 12. Bd2 Qh5 13. Be2 h6 14. h3 g5 15.
Qc2 Rad8 16. Be3 Rfe8 17. e5 Nfd5 18. Ne4 Bf5 19. g4 Bxe4 20. Qxe4 Qg6 21. Qxg6
fxg6 22. Bd3 Rf8 23. Ke2 Kh7 24. h4 Nf4+ 25. Bxf4 Rxf4 26. hxg5 Rdf8 27. gxh6
Bh8 28. Ng5+ Kg8 29. h7+ 1-0

[Event "European Youth Chess Championship B14"]
[Site "Prague, Top Hotel Prague"]
[Date "2016.08.20"]
[Round "3.63"]
[White "Djian, Lenny"]
[Black "Zaza, Alexandre"]
[Result "1/2-1/2"]
[WhiteElo "1503"]
[BlackElo "1834"]
[PlyCount "31"]
[EventDate "2016.08.18"]

1. d4 Nf6 2. c4 g6 3. Nc3 Bg7 4. e4 d6 5. f3 O-O 6. Be3 c5 7. d5 e6 8. Qd2 exd5
9. exd5 Re8 10. Be2 Nbd7 11. Bh6 Bh8 12. O-O-O Ne5 13. g4 a6 14. h4 Bd7 15. Qf4
Qa5 16. Bg5 1/2-1/2

[Event "European Youth Chess Championship B14"]
[Site "Prague, Top Hotel Prague"]
[Date "2016.08.20"]
[Round "3.64"]
[White "Colonetti, Fabio"]
[Black "Jamalov, Adam"]
[Result "1-0"]
[WhiteElo "1833"]
[BlackElo "1597"]
[PlyCount "61"]
[EventDate "2016.08.18"]

1. e4 g6 2. d4 c6 3. Nc3 d5 4. e5 Bg7 5. Bf4 Qb6 6. Na4 Qa5+ 7. c3 Nh6 8. Nc5
Qd8 9. Nf3 b6 10. Nd3 Na6 11. Be2 Nc7 12. O-O Bg4 13. h3 Bxf3 14. Bxf3 Ng8 15.
Qd2 h5 16. Rfe1 Ne6 17. Be3 Rc8 18. Nf4 Ng5 19. Qe2 e6 20. c4 dxc4 21. Rac1 b5
22. b3 Nxf3+ 23. Qxf3 Bh6 24. bxc4 Bxf4 25. Bxf4 bxc4 26. Rxc4 g5 27. Be3 Qd5
28. Rec1 g4 29. hxg4 hxg4 30. Qxg4 Qa5 31. Qg7 1-0

[Event "European Youth Chess Championship B14"]
[Site "Prague, Top Hotel Prague"]
[Date "2016.08.20"]
[Round "3.65"]
[White "Vorisek, Jakub"]
[Black "Gatt, Matthias"]
[Result "1/2-1/2"]
[WhiteElo "1813"]
[BlackElo "1475"]
[PlyCount "69"]
[EventDate "2016.08.18"]

1. e4 c5 2. Nf3 d6 3. d4 cxd4 4. Nxd4 a6 5. c4 Nf6 6. Nc3 g6 7. Be2 Bg7 8. Be3
Nc6 9. O-O O-O 10. Rc1 Bd7 11. b3 Qc8 12. f3 Qc7 13. Nd5 Qd8 14. Nc2 Nxd5 15.
cxd5 Na7 16. Nd4 Bxd4 17. Bxd4 Bb5 18. a4 Bxe2 19. Qxe2 f6 20. Rc2 Qd7 21. Qd3
Nc8 22. Rfc1 Rb8 23. Rc7 Qd8 24. f4 Rf7 25. Qh3 f5 26. Qe3 e5 27. dxe6 Rxc7 28.
Rxc7 Qxc7 29. exf5 Ne7 30. f6 Nf5 31. f7+ Kf8 32. Bb6 Nxe3 33. Bxc7 Rc8 34.
Bxd6+ Kg7 35. Be5+ 1/2-1/2

[Event "European Youth Chess Championship B14"]
[Site "Prague, Top Hotel Prague"]
[Date "2016.08.20"]
[Round "3.66"]
[White "Marko, Pirro"]
[Black "Ocko, Dominik"]
[Result "1-0"]
[WhiteElo "1441"]
[BlackElo "1784"]
[PlyCount "69"]
[EventDate "2016.08.18"]

1. e4 c5 2. Nf3 d6 3. d4 cxd4 4. Nxd4 Nf6 5. Nc3 a6 6. Be2 e5 7. Nb3 Be7 8. O-O
Be6 9. Kh1 O-O 10. f4 Nc6 11. f5 Bxb3 12. axb3 b5 13. Bd3 Qc7 14. Qf3 Nd4 15.
Qh3 b4 16. Nd1 Nxc2 17. Rb1 Nd4 18. Bd2 a5 19. Ne3 Nxb3 20. Be1 Nc5 21. Rc1 Qb7
22. Bc4 Qxe4 23. Rd1 Qb7 24. Nd5 Nxd5 25. Bxd5 Qb5 26. Bh4 Ra7 27. Bxe7 Rxe7
28. f6 gxf6 29. Rxf6 Qd7 30. Qh5 Kh8 31. Rdf1 Rg8 32. Rxf7 Rxf7 33. Rxf7 Qxf7
34. Qxf7 Rb8 35. Qf6# 1-0

[Event "European Youth Chess Championship B14"]
[Site "Prague, Top Hotel Prague"]
[Date "2016.08.20"]
[Round "3.67"]
[White "Pavlik, Vladimir"]
[Black "Cernicek, Matyas"]
[Result "1-0"]
[WhiteElo "1749"]
[BlackElo "1461"]
[PlyCount "53"]
[EventDate "2016.08.18"]

1. e4 e6 2. d4 d5 3. exd5 exd5 4. Bd3 Bd6 5. Ne2 Qf6 6. O-O Ne7 7. c4 dxc4 8.
Bxc4 O-O 9. Nbc3 Nd7 10. h3 Nb6 11. Ne4 Qg6 12. Bd3 f5 13. Nxd6 Qxd6 14. Bf4
Qd8 15. Qb3+ Ned5 16. Be5 Be6 17. Qd1 Qd7 18. Qd2 c6 19. a3 a5 20. Rac1 Rfd8
21. Ng3 Ne7 22. Qg5 Ng6 23. Bxf5 Nxe5 24. dxe5 Re8 25. Ne4 Nd5 26. Nc5 Qc8 27.
Bxe6+ 1-0

[Event "European Youth Chess Championship B14"]
[Site "Prague, Top Hotel Prague"]
[Date "2016.08.20"]
[Round "3.68"]
[White "Mao, Ximan"]
[Black "Kriz, Tomas"]
[Result "1-0"]
[WhiteElo "1731"]
[BlackElo "1404"]
[PlyCount "75"]
[EventDate "2016.08.18"]

1. d4 d5 2. c4 dxc4 3. e4 e5 4. d5 Nf6 5. Nc3 c6 6. Bxc4 Bb4 7. Bg5 O-O 8. Nge2
h6 9. Bh4 b6 10. O-O Bb7 11. a3 Be7 12. Bg3 Qc7 13. Rc1 Nh5 14. dxc6 Nxc6 15.
Nd5 Qd8 16. Bb5 Rc8 17. Bxc6 Bxc6 18. Bxe5 Bxd5 19. Rxc8 Qxc8 20. exd5 Nf6 21.
Nc3 Rd8 22. Qf3 Rd7 23. Rd1 Qd8 24. h3 Kf8 25. Qf5 Kg8 26. Qd3 Bd6 27. f4 Qc7
28. Bxf6 gxf6 29. Ne4 Bc5+ 30. Kh1 Qxf4 31. Rf1 Rxd5 32. Qe2 Qe5 33. Nxf6+ Kh8
34. Qc2 Kg7 35. Qh7+ Kf8 36. Qg8+ Ke7 37. Qe8+ Kd6 38. Qd7# 1-0